Представление документа в формате MARC21

Поле Инд. ПП Название Значение
Тип записи a
Библиографический уровень b
001 Контрольный номер RU/IS/BASE/386444319
005 Дата корректировки 20200522191518.9
008 Кодируемые данные 20120330
084 a Индекс другой классификации/Индекс ББК 65.305.142(0); 65.5
100 1_ a Автор Иванов В.
245 a Заглавие Энергетическая глобализация: международный нефтегазовый бизнес и суверенная энергетическая безопасность
504 a Библиография Библиогр.
520 a Аннотация Исследуются проблемы международного нефтегазового бизнеса, особенности политики российских компаний в международном нефтегазовом бизнесе, проблемы глобальной и суверенной энергетической безопасности.
650 a Основная рубрика мировая экономика
a Основная рубрика экономика
a Основная рубрика экономика промышленности
653 a Ключевые слова "Башнефть" (компания)
a Ключевые слова "Газпром" (компания)
a Ключевые слова "ЛУКОЙЛ" (компания)
a Ключевые слова "Сургутнефтегаз" (компания)
a Ключевые слова альтернативные источники энергии
a Ключевые слова ветровая энергия
a Ключевые слова газ
a Ключевые слова Европейский союз (ЕС)
a Ключевые слова международный бизнес
a Ключевые слова месторождения нефти
a Ключевые слова нефтегазовая отрасль
a Ключевые слова нефтегазовые компании
a Ключевые слова нефтегазовый бизнес
a Ключевые слова нефтепроводы
a Ключевые слова нефть
a Ключевые слова Россия
a Ключевые слова совместные предприятия
a Ключевые слова торговля энергоносителями
a Ключевые слова цены на нефть
a Ключевые слова экспорт нефти
a Ключевые слова экспорт энергоресурсов
a Ключевые слова электроэнергия
a Ключевые слова энергетика
a Ключевые слова энергетическая безопасность
a Ключевые слова энергетическая глобализация
a Ключевые слова энергетическая политика
a Ключевые слова энергетические ресурсы
a Ключевые слова энергетические системы
773 t Заглавие источника РИСК: ресурсы, информация, снабжение, конкуренция
d Дата издания источника 2011
g Прочая информация № 4. - С. 355 - 364 : табл.
w Контрольный № источника RU/IS/BASE/384345860
901 t Тип документа b